000 00553cam a22002171i 4500
001 sa 64004281
003 DLC
005 20260227112023.0
008 830429s1963 io a 000 1 ind
010 _asa 64004281
025 _aPL480:Indo-224
035 _a(OCoLC)9459969
040 _aDLC
_cOAU
_dWU
_dDLC
042 _apremarc
050 0 0 _aPL5089.T32
_bG6 1963
100 1 _aTahar, Taslim.
245 1 0 _aGol gemilang /
_cTaslim Tahar.
250 _aTjet. 2.
260 _aDjakarta :
_bBwaro Niaga,
_c1963.
300 _a91 p. :
_bill. ;
_c16 cm.
999 _c58411
_d58411